| 000 | 00533nam a22001697a 4500 | ||
|---|---|---|---|
| 003 | OSt | ||
| 005 | 20140310181754.0 | ||
| 008 | 130629t xxu||||| |||| 00| 0 eng d | ||
| 050 |
_aPZ 90 _b.So727 1968 |
||
| 082 |
_aFIL 398.21 _bSo8 199 |
||
| 100 | _aSouthgate, Vera | ||
| 245 |
_aMga kinagigiliwang kuwento. Rapunsel : _bisang madaling-basahing aklat ng Ladybird / _cVera Southgate. |
||
| 260 |
_aLoughborough : _bWills at Hepworth Ltd, _cc1968. |
||
| 300 |
_a50 p. : _bcol. : ill. ; _c18 cm. |
||
| 942 |
_2lcc _cBK |
||
| 999 |
_c3368 _d3368 |
||